| 000 | 00625am a2200229a 44500 | ||
|---|---|---|---|
| 003 | AR-BaBNM | ||
| 005 | 20251128211144.0 | ||
| 008 | 133020s1980 #AR|||||||||||000 | esp|| | ||
| 040 | _cAR-BaBNM | ||
| 100 | 1 | _aGarcía Hoz, Víctor | |
| 245 | 1 | 0 | _aUna pauta para la evaluación de centros educativos |
| 260 |
_aBuenos Aires _bDocencia _c1980 |
||
| 300 | _a47 p. | ||
| 490 | 0 |
_aColección interacción educativa _vv. 6 |
|
| 650 | 4 | _aEVALUACION | |
| 650 | 4 | _aCRITERIOS DE EVALUACION | |
| 650 | 4 | _aTECNICAS DE EVALUACION | |
| 650 | 4 | _aESCUELAS | |
| 653 | _aINSTITUCIONES EDUCATIVAS | ||
| 942 | _cBK | ||
| 998 | _craquel | ||
| 999 |
_c18487 _d18487 |
||